000 00934nam a2200217Ia 4500
003 Ost
005 20260507075642.0
008 260507s9999||||xx |||||||||||||| ||und||
040 _cfsecg
041 _aara
082 _a340
100 _aحسن، سوزان علي
_eمؤلف
245 0 _aالوجيز في مبادئ القانون :
_bالنظرية العامة للقانون- النظرية العامة للحق /
_c سوزان علي حسن
260 _aالإسكندرية:
_bالدار الجامعة الجديدة,
_c2001
300 _a551 صفحة؛
_bإيضاحات ؛
_c24 سم
490 _aالمكتبة القانونية
520 _aالنظرية العامة للقانون، النظرية العامة للحق ، النظرية العامة للإلتزمات، مبادئ القانون التجاري
653 _aالقانون
653 _aالقانون التجاري
942 _cكتاب
999 _c45427
_d45427